Statistiques concernant Acteurs du MCU

Cliquez ici pour prendre le quiz!

Statistiques générales

  • Ce quiz a été pris 121 fois
  • Le résultat moyen est 28 sur 45

Statistiques - réponses

HintRéponse% Correct
Tom Holland
Peter Parker / Spider-Man
100%
Robert Downey Jr
Tony Stark / Iron Man
92%
Chris EvansSteve Rogers / Captain America
92%
Mark Ruffalo
Bruce Banner / Hulk
90%
Benedict CumberbatchDr Stephen Strange
90%
Chris HemsworthThor
90%
Scarlett JohanssonNatasha Romanoff / Black Widow
88%
Chadwick BosemanT'Challa / Black Panther
85%
Elizabeth OlsenWanda Maximoff / Scarlett Witch
80%
Brie LarsonCarol Danvers / Captain Marvel
79%
Jeremy RennerClint Barton / Hawkeye
77%
Paul RuddScott Lang / Ant-Man
77%
Chris PrattPeter Quill / Star-Lord
76%
Tom Hiddleston
Loki
75%
Samuel L. Jackson
Nick Fury
75%
Vin DieselGroot
75%
Zoe SaldanaGamora
70%
Bradley CooperRocket Raccoon
70%
Anthony MackieSam Wilson / Falcon
69%
Sebastian Stan
Bucky Barnes / Soldat de l'hiver
68%
Paul Bettany
Jarvis / Vision
67%
Benedict WongWong
66%
Karen Gillan
Nebula
63%
David BautistaDrax
62%
Gwyneth PaltrowPepper Potts
60%
Josh BrolinThanos
60%
Aaron Taylor-Johnson
Pietro Maximoff / Quicksilver
59%
Tessa Thompson
Valkyrie
56%
Natalie PortmanJane Foster / Mighty Thor
56%
Pom Klementieff
Mantis
54%
Don CheadleJames Rhodes / War Machine
52%
Simu Liu
Shang-chi
47%
Zendaya Coleman
Michelle Jones-Watson
44%
Oscar Isaac
Steven Grant / Marc Spector / Jake Lockley / Moon Knight
44%
Iman VellaniKamala Khan / Miss Marvel
42%
Charlie CoxMatt Murdock / Daredevil
42%
Florence PughYelena Belova
42%
Jon FavreauHappy Hogan
41%
Hailee SteinfeldKate Bishop
35%
Xochitl GomezAmerica Chavez
34%
Tatiana MaslanyJennifer Walters / She-Hulk
30%
Tobey MaguirePeter 2 / Spider-man
22%
Andrew GarfieldPeter 3 / Spider-man
22%
Jacob BatalonNed Leeds
21%
Sophia Di MartinoSylvie
18%

Distribution des résultats

Percentile par nombre de réponses

% des personnes avec chaque résultat

Votre développement - résultats

Vous n’avez pas pris ce quiz